| 000 | 00853nas a2200289 4500 | ||
|---|---|---|---|
| 001 | BR0101182 | ||
| 003 | BR-BrBNA | ||
| 005 | 20231205102102.0 | ||
| 007 | ta | ||
| 008 | 230509b bl.|||p| |||| 00| 00por d | ||
| 040 |
_aBR-BrBNA _bpor _cBiblioteca Nacional de Agricultura |
||
| 041 | _a(Pt) | ||
| 072 | _aL51 | ||
| 100 | 1 | _aBarboza, W.A. | |
| 100 | 1 | _aRostagno, H.S. | |
| 100 | 1 | _aAlbino, L.F.T. | |
| 100 | 1 | _aRodrigues, P.B. | |
| 245 | 1 | _aExigencia nutricional de lisina digestivel para frangos de corte | |
| 650 | _aFrango de Corte | ||
| 650 | _aGalo | ||
| 650 | _aLisina | ||
| 650 | _aExigencia Nutricional | ||
| 650 | _aModelo Matematico | ||
| 773 | 0 |
_tRevista Brasileira de Zootecnia (Brazil) _xISSN 1516-3598 _g(Jul-Aug 2000), v. 29(4) p. 1098-1102 _wBR0101182 |
|
| 909 |
_a202311 _bLúcia _c55 _dLúcia Elande |
||
| 942 |
_2AGRIS _n0 _cANA |
||
| 999 |
_c165667 _d165667 |
||